| 000 | 00425nam a22001575i 4500 | ||
|---|---|---|---|
| 999 |
_c116991 _d116991 |
||
| 001 | 19270317 | ||
| 005 | 20200211114506.0 | ||
| 008 | 160909s2016 nyu 000 0 eng | ||
| 020 | _a9783319269306 (hardcover : alk. paper) | ||
| 040 | _cPK-LaUMT | ||
| 082 |
_a612.86 _bSPR- |
||
| 245 | 0 | 0 |
_aSpringer handbook of odor / _cedited by Andrea Buettner |
| 260 |
_aLondon : _bSpringer, _c2017 |
||
| 300 | _a1151 p. | ||
| 942 | _cBK | ||